000 01095nam a2200325 i 4500
001 21476
003 KOSZ 005
005 20201217080401.0
008 961010s1979 pl f f |000 0 pol
040 _cKOSZ 005
_aKOSZ 005
_dKOSZ 005/HR
041 _apol
046 _k1979
080 _a621.3
080 _a(075.8+076)
100 1 _aGierczak, Ewa
_eAutor
245 0 _aZbiór zadań z elektrotechniki teoretycznej.
_nCz. 2 /
_cEwa Gierczak, Jerzy Suchański.
260 _aKielce :
_bPŚ,
_c1979.
300 _as. 245 :
_brys.
380 _aKsiążki
388 _a1901-2000
388 _a1945-1989
490 1 _aSkrypty Uczelniane Politechniki Świętokrzyskiej ;
_vNr 65
650 7 _aElektrotechnika
655 7 _aĆwiczenia i zadania dla szkół wyższych
658 _aInżynieria i technika
700 1 _aSuchański, Jerzy
_d(1949- )
_eAutor
830 _aSkrypty Uczelniane Politechniki Świętokrzyskiej
_vnr 65
856 _uhttp://koha.tu.koszalin.pl/cgi-bin/koha/opac-detail.pl?biblionumber=21476
_yKatalog online BPK
942 _cKS
_2UKD
999 _c21476
_d21476